000 01806nam0a2200325 4500
001 RU\NLR\BIBL_A\011798239
005 20220215142707.0
035 _a(NLR Aleph) 011798239
090 _a11858097
_c11858097
100 _a20180924d2017 u y0rusy50 ca
101 0 _arus
102 _aRU
105 _aac||z|||000zy
200 1 _a100 лет Великой русской революции, 1917-2017
_fГосударственный историко-мемориальный музей "Смольный"
_g[автор-составитель: Третьяков Н.С.
_gредактор: Корсун Э.А.]
210 _aСанкт-Петербург
_c[б. и.]
_d2017
215 _a31, [2] с.
_cил., портр., факс., цв. ил., портр.
_d29
517 1 _aСто лет Великой русской революции, 1917-2017
606 1 _aФевральская буржуазно-демократическая революция
_z1917
_2nlr_sh1
_2nlr_sh2
_3RU\NLR\AUTH\66260730
606 1 _aВеликая Октябрьская социалистическая революция
_z1917
_2nlr_sh1
_2nlr_sh2
_3RU\NLR\AUTH\6613825
686 1 _aТ3(2)524.2,02
686 1 _aТ3(2)711.2,02
702 1 _aТретьяков
_bН. С.
_cисторик
_gНиколай Сергеевич
_3RU\NLR\AUTH\7723301
_4220
702 1 _aКорсун
_bЭ. А.
_gЭлеонора Александровна
_3RU\NLR\AUTH\770239369
712 0 2 _a"Смольный", государственный историко-мемориальный музей
_cСанкт-Петербург
_3RU\NLR\AUTH\880479298
_4570
942 _cBOOK
980 _aNBR
980 _aNB